000
00273nam a2200109 4500
008
160704b xxu||||| |||| 00| 0 eng d
100
_9
1970
_a
Ingoglia, G
245
_a
Waly Disney: Pinocchio
260
_a
N.D
_b
UBS
300
_a
Waly Disney: Pinocchio
942
_2
ddc
_c
BK
999
_c
1671
_d
1671